|
|
|
|
| LEADER |
00733nta a2200217 i 4500 |
| 001 |
dokt8559 |
| 005 |
20221122154135.0 |
| 008 |
221122s1971 hu om 0|| hun d |
| 040 |
|
|
|a SZTE Doktori Repozitórium
|b hun
|
| 041 |
|
|
|a hun
|
| 100 |
1 |
|
|a Szabad János
|
| 245 |
1 |
3 |
|a Az elektrongerjesztési energia átadása karotin és klorofil keverékoldatokban
|h [elektronikus dokumentum] /
|c Szabad János
|
| 260 |
|
|
|c 1971
|
| 502 |
|
|
|a Disszertacio
|
| 650 |
|
4 |
|a biológiai tudományok
|
| 650 |
|
4 |
|a Természettudományok
|
| 650 |
|
4 |
|a Biológiai tudományok
|
| 650 |
|
4 |
|a Biofizika
|
| 695 |
|
|
|a Biofizika
|
| 700 |
1 |
|
|a Nincs megadva
|e ths
|
| 856 |
4 |
0 |
|u https://doktori.bibl.u-szeged.hu/id/eprint/8559/1/1971_szabad_janos.pdf
|z Dokumentum-elérés
|